[Event "Mittelfrank Regionalliga Sud-Ost 2223"]
[Site "Mittelfranken"]
[Date "2023.03.05"]
[Round "7.8"]
[White "Shakirov, Kylychbek"]
[Black "Brand, Leonhard"]
[Result "0-1"]
[WhiteElo "1440"]
[BlackElo "1846"]
[PlyCount "56"]
[EventDate "2022.10.09"]
[EventType "team-tourn"]
[EventRounds "9"]
[EventCountry "GER"]
[SourceTitle "EXT 2024"]
[Source "ChessBase"]
[SourceDate "2023.10.10"]
[SourceVersion "1"]
[SourceVersionDate "2023.10.10"]
[SourceQuality "1"]
[WhiteTeam "Landshut"]
[BlackTeam "Freising"]
[WhiteTeamCountry "GER"]
[BlackTeamCountry "GER"]

1. d4 f5 2. Nc3 Nf6 3. Bf4 e6 4. g4 Bb4 5. gxf5 Ne4 6. Qd3 exf5 7. a3 Bxc3+ 8. bxc3 c6 9. Nf3 Qa5 10. Bd2 Nxd2 11. Kxd2 0-0 12. h4 d6 13. Ng5 Nd7 14. Bh3 Nf6 15. Rhg1 h6 16. Nf3 Ne4+ 17. Ke1 Qxa3 18. Kf1 Qxc3 19. Rg6 Qxd3 20. exd3 Rf6 21. Rg2 Nc3 22. Rg1 Rf7 23. h5 Nd5 24. Rg3 f4 25. Bxc8 fxg3 26. Be6 gxf2 27. Kxf2 Nf4 28. Ra4 Nxe6 0-1